Villes la plus peuplée par départements - Statistiques

Statistiques générales
  • Ce quiz a été pris 135 fois
  • Le résultat moyen est 64 sur 94
Statistiques - réponses
Hint Réponse % Correct
Paris Paris
94%
Bouches-du-Rhône Marseille
93%
Alpes-Maritimes Nice
93%
Nord Lille
92%
Gironde Bordeaux
91%
Rhône Lyon
91%
Bas-Rhin Strasbourg
91%
Haute-Garonne Toulouse
91%
Corse-du-Sud Ajaccio
90%
Hérault Montpellier
90%
Îlles-et-Vilaine Rennes
90%
Finistère Brest
89%
Côte d'Or Dijon
89%
Haute-Corse Bastia
88%
Isère Grenoble
88%
Loire-Atlantique Nantes
88%
Vendée La Roche-sur-Yon
87%
Calvados Caen
85%
Sarthe Le Mans
85%
Var Toulon
85%
Moselle Metz
84%
Ain Bourg-en-Bresse
82%
Puy-de-Dôme Clermont-Ferrand
82%
Seine-Maritime Le Havre
82%
Loire Saint-Étienne
82%
Seine-Saint-Denis Saint-Denis
81%
Gard Nîmes
80%
Pyrénées-Atlantiques Pau
80%
Haute-Savoie Annecy
79%
Charente-Maritime La Rochelle
79%
Loiret Orléans
79%
Meurthe-et-Moselle Nancy
78%
Marne Reims
78%
Yvelinnes Versailles
78%
Somme Amiens
77%
Maine-et-Loire Angers
77%
Aube Troyes
77%
Doubs Besançon
76%
Morbihan Lorient
75%
Vienne Poitiers
75%
Indre-et-Loire Tours
75%
Territoire-de-Belfort Belfort
74%
Yonne Auxerre
73%
Drôme Valence
73%
Haut-Rhin Mulhouse
72%
Pas-de-Calais Calais
70%
Haute-Vienne Limoges
70%
Deux-Sèvres Niort
70%
Vaucluse Avignon
68%
Charente Angoulême
66%
Savoie Chambéry
66%
Cher Bourges
65%
Mayenne Laval
64%
Aude Narbonne
64%
Indre Châteauroux
63%
Dordogne Périgueux
63%
Aveyron Rodez
63%
Lot-et-Garonne Agen
62%
Oise Beauvais
62%
Cantal Aurillac
61%
Eure-et-Loire Chartres
61%
Vosges Épinal
61%
Eure Évreux
61%
Landes Mont-de-Marsan
60%
Côte d'Armor Saint-Brieuc
59%
Tarn Albi
58%
Ardennes Charleville-Mézières
58%
Tarn-et-Garonne Montauban
58%
Loir-et-Chère Blois
57%
Nièvre Nevers
56%
Aisne Saint-Quentin
56%
Gers Auch
55%
Lozère Mende
55%
Haute-Loire Le Puy-en-Velay
54%
Corrèze Brive-la-Gaillarde
52%
Creuse Guéret
52%
Hautes-Alpes Briançon
51%
Haute-Saône Vesoul
51%
Orne Alençon
50%
Allier Montluçon
50%
Val-d'Oise Argenteuil
49%
Hauts-de-Seine Boulogne-Billancourt
49%
Lot Cahors
46%
Seine-et-Marne Meaux
44%
Meuse Verdun
43%
Saône-et-Loire Chalon-sur-Saône
42%
Manche Cherbourg-en-Cotentin
42%
Ariège Pamiers
42%
Alpes de Haute-Provence Manosque
41%
Ardêche Annonay
40%
Jura Dole
39%
Haute-Marne Saint-Dizier
37%
Val-de-Marne Vitry-sur-Seine
28%
Essonne Évry-Courcourones
16%
Aucun quiz correspondant
Distribution des résultats
% des personnes avec chaque résultat
Percentile par nombre de réponses
Votre historique - résultats
Vous n’avez pas pris ce quiz